[Event "SLO-chT1 East 29th"]
[Site "Slovenia"]
[Date "2019.10.19"]
[Round "8.2"]
[White "Kralj, Nika"]
[Black "Studnicka, Tomo"]
[Result "0-1"]
[WhiteElo "1770"]
[BlackElo "2027"]
[PlyCount "59"]
[EventDate "2019.09.06"]
[EventType "team-tourn"]
[EventRounds "9"]
[EventCountry "SLO"]
[SourceTitle "CBM 192 Extra"]
[Source "Chessbase"]
[SourceDate "2019.11.06"]
[SourceVersion "1"]
[SourceVersionDate "2019.11.06"]
[SourceQuality "1"]
[WhiteTeam "Celjski"]
[BlackTeam "Zalec"]
[WhiteTeamCountry "SLO"]
[BlackTeamCountry "SLO"]

1. e4 e6 2. d4 d5 3. Nd2 Nc6 4. Ngf3 Nf6 5. Bd3 Nb4 6. e5 Nd7 7. Nb3 Nxd3+ 8. Qxd3 a5 9. 0-0 b6 10. Re1 a4 11. Nbd2 c5 12. c4 Ba6 13. Qc3 cxd4 14. Qxd4 Nc5 15. b4 axb3 16. axb3 Bb7 17. Rxa8 Bxa8 18. Re3 Nd7 19. Qg4 g6 20. Nd4 Bg7 21. N2f3 dxc4 22. bxc4 Bxf3 23. Nxf3 Qc7 24. Qd4 0-0 25. Ba3 Rc8 26. h4 h6 27. Qe4 Qxc4 28. Qb1 Qc7 29. Qe4 Nc5 30. Nd4 0-1

[Event "SLO-chT1 East"]
[Site "Slovenia"]
[Date "2019.09.21"]
[Round "5.1"]
[White "Studnicka, Tomo"]
[Black "Kolar, Branko"]
[Result "1-0"]
[WhiteElo "2027"]
[BlackElo "1758"]
[PlyCount "103"]
[EventDate "2019.09.06"]
[EventType "team-tourn"]
[EventRounds "9"]
[EventCountry "SLO"]
[SourceTitle "EXT 2020"]
[Source "ChessBase"]
[SourceDate "2019.10.17"]
[SourceVersion "1"]
[SourceVersionDate "2019.10.17"]
[SourceQuality "1"]
[WhiteTeam "Zalec"]
[BlackTeam "Fram"]
[WhiteTeamCountry "SLO"]
[BlackTeamCountry "SLO"]

1. e4 c6 2. Nc3 d5 3. Nf3 Bg4 4. h3 Bh5 5. exd5 cxd5 6. Bb5+ Nc6 7. g4 Bg6 8. Ne5 Qd6 9. d4 a6 10. Bxc6+ bxc6 11. Bf4 Qe6 12. Qe2 f6 13. Nxg6 Qxe2+ 14. Nxe2 hxg6 15. 0-0-0 Kd7 16. Rd3 g5 17. Bd2 Nh6 18. Ng3 Rb8 19. f4 gxf4 20. Bxf4 Rb7 21. Re1 Nf7 22. Nh1 g5 23. Bh2 Nd6 24. Nf2 Bg7 25. Rde3 Nc8 26. Nd3 Ke8 27. Nc5 Ra7 28. Ne6 Bf8 29. c3 Kd7 30. Bb8 Ra8 31. Bh2 Ra7 32. Kc2 Bh6 33. R3e2 Rh7 34. b3 Rf7 35. Rf1 Nd6 36. Nc5+ Kd8 37. Rfe1 Nc8 38. Re6 Bf8 39. R1e2 Rh7 40. R6e3 Rf7 41. c4 e5 42. Ne6+ Kd7 43. Nxf8+ Rxf8 44. dxe5 dxc4 45. bxc4 f5 46. gxf5 Rxf5 47. c5 Ne7 48. e6+ Ke8 49. Bd6 Nd5 50. Rb3 Ra8 51. Rb7 Rf3 52. Rh7 1-0

[Event "SLO-chT1 Ost"]
[Site "Maribor"]
[Date "2012.10.21"]
[Round "9"]
[White "Cojhter, Karl"]
[Black "Studnicka, Tomo"]
[Result "1/2-1/2"]
[WhiteElo "2081"]
[BlackElo "2027"]
[PlyCount "96"]
[EventDate "2012.10.11"]
[EventType "team-tourn"]
[EventRounds "9"]
[EventCountry "SLO"]
[SourceTitle "EXT 2022"]
[Source "ChessBase"]
[SourceDate "2021.10.06"]
[SourceVersion "1"]
[SourceVersionDate "2021.10.06"]
[SourceQuality "1"]

1. e4 e6 2. d4 d5 3. Nc3 Nf6 4. Bg5 Bb4 5. Nge2 dxe4 6. a3 Be7 7. Bxf6 Bxf6 8. Nxe4 b6 9. Qd3 Bb7 10. 0-0-0 Nd7 11. Nxf6+ Nxf6 12. Qg3 0-0 13. Nf4 Qd6 14. f3 Nd5 15. Nxd5 Bxd5 16. Qh4 Qd8 17. Qf2 Qf6 18. Kb1 Rac8 19. Ba6 Rcd8 20. Rhe1 Rd6 21. Re5 c5 22. f4 cxd4 23. Rxd4 Rfd8 24. Rd3 h6 25. Qd2 Qe7 26. Re1 Bb7 27. Rxd6 Rxd6 28. Bd3 Ba6 29. f5 e5 30. Qb4 Bxd3 31. cxd3 Qf6 32. Qe4 Kh7 33. Qxe5 Rxd3 34. Qxf6 gxf6 35. Re7 Kg7 36. Rxa7 Rd2 37. g4 Rxh2 38. Ra4 Rh4 39. b3 h5 40. gxh5 Rxa4 41. bxa4 Kh6 42. Kb2 Kxh5 43. Kb3 Kg4 44. Kb4 Kxf5 45. Kb5 Kg4 46. Kxb6 f5 47. a5 f4 48. a6 f3 1/2-1/2

[Event "SLO-chT1 Ost"]
[Site "Maribor"]
[Date "2012.10.19"]
[Round "6"]
[White "Studnicka, Tomo"]
[Black "Svensek, Marjan"]
[Result "0-1"]
[WhiteElo "2027"]
[BlackElo "2028"]
[PlyCount "132"]
[EventDate "2012.10.11"]
[EventType "team-tourn"]
[EventRounds "9"]
[EventCountry "SLO"]
[SourceTitle "EXT 2022"]
[Source "ChessBase"]
[SourceDate "2021.10.06"]
[SourceVersion "1"]
[SourceVersionDate "2021.10.06"]
[SourceQuality "1"]

1. e4 e6 2. d4 d5 3. Nc3 Nf6 4. Bg5 dxe4 5. Bxf6 Qxf6 6. Nxe4 Qd8 7. Nf3 Be7 8. c3 b6 9. Bb5+ c6 10. Bd3 0-0 11. 0-0 Nd7 12. Qc2 h6 13. Rad1 Qc7 14. Rfe1 Bb7 15. Ng3 c5 16. Bh7+ Kh8 17. Be4 Nf6 18. Bxb7 Qxb7 19. Ne5 Rad8 20. Re2 cxd4 21. Red2 Qc7 22. cxd4 Rc8 23. Rc1 Qb7 24. Qd1 Bd6 25. Rdc2 Kg8 26. Qf3 Qxf3 27. Nxf3 Rxc2 28. Rxc2 Nd5 29. Ne4 Bb8 30. a3 Rd8 31. g3 Kf8 32. Kf1 Ke7 33. Ke2 f6 34. Nc3 Nc7 35. Ke3 Kd7 36. Ne1 Ne8 37. h3 Nd6 38. g4 h5 39. f3 hxg4 40. hxg4 Rh8 41. Ne4 Nb5 42. Nd3 Nc7 43. Nc3 g5 44. Re2 Rh3 45. Nf2 Rh6 46. Nfe4 Ne8 47. Rf2 Bf4+ 48. Kd3 Nc7 49. Ne2 f5 50. gxf5 exf5 51. N4c3 Bd6 52. Rg2 Be7 53. d5 Bf6 54. Nd4 Rh3 55. Kc4 Rh4 56. Nce2 b5+ 57. Kd3 Nxd5 58. Nxf5 Nf4+ 59. Nxf4 Rxf4 60. Ng3 Rxf3+ 61. Kc2 Re3 62. Nf5 Re5 63. Rd2+ Kc7 64. Rf2 a5 65. Nd4 Be7 66. Rf7 Kd7 0-1

[Event "SLO-chT1 Ost"]
[Site "Sentjur"]
[Date "2010.11.09"]
[Round "5"]
[White "Smon, Gregor"]
[Black "Studnicka, Tomo"]
[Result "1-0"]
[WhiteElo "1953"]
[BlackElo "2027"]
[PlyCount "115"]
[EventDate "2010.11.04"]
[EventType "team-tourn"]
[EventRounds "9"]
[EventCountry "SLO"]
[SourceTitle "EXT 2022"]
[Source "ChessBase"]
[SourceDate "2021.10.06"]
[SourceVersion "1"]
[SourceVersionDate "2021.10.06"]
[SourceQuality "1"]
[WhiteTeam "Slovenj Gradec"]
[BlackTeam "Zalec"]
[WhiteTeamCountry "SLO"]
[BlackTeamCountry "SLO"]

1. e4 e6 2. d4 d5 3. Nd2 Nc6 4. Ngf3 Nf6 5. e5 Nd7 6. c3 Be7 7. Bd3 f5 8. exf6 Bxf6 9. Qc2 g6 10. Nf1 Qe7 11. Ne3 Nb6 12. Ng4 Bg7 13. Bg5 Qf7 14. 0-0-0 0-0 15. Rde1 Nc4 16. b3 Nd6 17. h4 Nf5 18. h5 gxh5 19. Ne3 Bd7 20. Rh2 h6 21. Nxf5 exf5 22. Bf4 Rfe8 23. Reh1 Re4 24. g3 Rae8 25. Rxh5 R8e6 26. Bxe4 Rxe4 27. Bxh6 Rg4 28. Bxg7 Qxg7 29. Qd2 Ne7 30. Rh8+ Qxh8 31. Rxh8+ Kxh8 32. Qh6+ Kg8 33. Ng5 Rxg5 34. Qxg5+ Kf7 35. Qf4 c6 36. Qb8 Bc8 37. Qxa7 Ke6 38. Qb8 Kd7 39. a4 Ng8 40. Qe5 Ne7 41. f3 Kd8 42. Qf6 Ke8 43. Qh8+ Kf7 44. Qh7+ Kf6 45. Qh4+ Kf7 46. g4 fxg4 47. fxg4 Kf8 48. Qf6+ Ke8 49. g5 Bf5 50. Qh8+ Kf7 51. Qf6+ Ke8 52. Qd6 Kf7 53. a5 Ke8 54. g6 Bxg6 55. Qb8+ Kf7 56. Qxb7 Bf5 57. a6 Bc8 58. Qb6 1-0

[Event "SLO-chT1 West"]
[Site "Sentjur"]
[Date "2009.10.23"]
[Round "2"]
[White "Studnicka, Tomo"]
[Black "Grobin, Blaz"]
[Result "1-0"]
[WhiteElo "2027"]
[BlackElo "1604"]
[PlyCount "75"]
[EventDate "2009.10.22"]
[EventType "team-tourn"]
[EventRounds "9"]
[EventCountry "SLO"]
[SourceTitle "EXT 2010"]
[Source "ChessBase"]
[SourceDate "2010.11.25"]
[SourceVersion "1"]
[SourceVersionDate "2010.11.25"]
[SourceQuality "1"]

1. e4 c5 2. Nf3 Nc6 3. Nc3 Nf6 4. d4 cxd4 5. Nxd4 e5 6. Ndb5 d6 7. Bg5 a6 8. Na3 b5 9. Nd5 Qa5+ 10. Bd2 Qd8 11. Bg5 Qa5+ 12. Bd2 Qd8 13. Nxf6+ gxf6 14. Bd3 Be6 15. c4 bxc4 16. Nxc4 d5 17. Na5 Nb4 18. Be2 Qxa5 19. a3 dxe4 20. axb4 Qb6 21. 0-0 Be7 22. Qa4+ Bd7 23. b5 Qb7 24. Be3 a5 25. Rac1 0-0 26. f3 Rfb8 27. Bc5 Bxc5+ 28. Rxc5 Qb6 29. Rfc1 Rc8 30. Qc2 exf3 31. Bxf3 Rab8 32. Be2 Bxb5 33. Bxb5 Rxc5 34. Qxc5 Qxb5 35. Qf2 Qxb2 36. Rc8+ Kg7 37. Qg3+ Kh6 38. Qh4+ 1-0